000 00233nam a2200097Ia 4500
001 913924
005 20250826185806.0
008 250824s9999 xx 000 0 und d
245 0 _aBEYAZ DİŞ
_cJACK LONDON
260 _bİSKELE YAYINLARI
999 _c913924
_d913924